01089nai a2200229Ia 4500003000900000008004100009022002200050022002300072040001600095245009700111260008600208310001400294362004000308521006900348650004700417650004300464650005700507856009300564942000700657999001700664952017800681IN-BaIIA211028c9999 xx s 000 0 eng d a2168-1619 (Print) a2168-1627 (Online) cIIA Library 0aTransactions of the IRE Professional Group on Broadcast and Television Receiversh[eJournal] aNew York, USAbThe Institute of Electrical and Electronics Engineers, Inc. (IEEE) aQuarterly aPGBTR-1(1); 1952 - PGBTR-8(1); 1954 bSubscribed through National Knowledge Resource Consortium (NKRC) a Components, Circuits, Devices and Systems a Signal Processing and Analysis948813 aCommunication, Networking and Broadcast Technologies uhttps://ieeexplore.ieee.org/servlet/opac?punumber=4505045yClick Here to Access eJournal cEJ c35821d35821 00104070aBANbBANd2009-01-01eNKRChPGBTR-1(1); 1952 - PGBTR-8(1); 1954l0pEJ1905r2021-11-05uhttps://ieeexplore.ieee.org/servlet/opac?punumber=4505045w2021-11-05yEJ